Centros de investigación y acción que trabajan con CRIES

Gespeichert in:
Bibliographische Detailangaben
Körperschaft: CRIES
Format: Text
Veröffentlicht: Alajuela: El Centro
Schlagworte:
Tags: Tag hinzufügen
Keine Tags, Fügen Sie den ersten Tag hinzu!

MARC

LEADER 00000 a a2200000 04500
001 14426
003
040 |a CRAI/IIS  |c CRAI/IIS 
090 |a 023100  
110 |a CRIES  
245 |a Centros de investigación y acción que trabajan con CRIES  
260 |a Alajuela:   |b El Centro  
300 |a 46 p.  
650 |a CENTROS DE INVESTIGACION  
999 |c 14997  |d 14997